00747nam a2200181Ia 4500008004100000020001500041040001800056041000800074100002600082245008100108246004400189260009900233300003300332500009100365651004000456651004000496700002900536130821s2006 ck a gr spa  a958961986X aCo-BoUCMbspa00aspa aBorda, Ignaciod1849-00aDirectorio y almanaque Bogotá 1886cIgnacio Borda, José María Lombana aDirectorio y almanaque : Bogotá 1886. aBogotá (Colombia)bAlcaldía Mayor de Bogotá Fundación Gilberto Alzate Avendañoc2006 a214 páginasbilustraciones aCopia facsimilar de la obra publicada en : Bogotá : Imprenta de Ignacio Borda, 1886. aBogotá (Colombia)xDescripción. aBogotá (Colombia)xGuíasx1886. aLombana, José María.